Online
Catalog

Homenaje a Ortega y Gasset / (Record no. 34467)

MARC details
000 -CABECERA
campo de control de longitud fija 01179nam a2200205 a 4500
001 - NÚMERO DE CONTROL
campo de control 000034976
005 - FECHA Y HORA DE LA ÚLTIMA TRANSACCIÓN
campo de control 20250424134023.0
008 - DATOS DE LONGITUD FIJA--INFORMACIÓN GENERAL
campo de control de longitud fija 111024s1958 ve 000 0bspa d
040 ## - FUENTE DE LA CATALOGACIÓN
Centro catalogador/agencia de origen DO-SdBNP
Lengua de catalogación spa
Centro/agencia transcriptor BNPHU
082 ## - NÚMERO DE LA CLASIFICACIÓN DECIMAL DEWEY
Número de clasificación 921.6
Número de documento/Ítem O77h
245 00 - MENCIÓN DE TÍTULO
Título Homenaje a Ortega y Gasset /
Mención de responsabilidad, etc. [organizado por el Instituto de Filosofia de la Facultad de Humanidades y Educación en Universidad Central de Venezuela].
260 ## - PUBLICACIÓN, DISTRIBUCIÓN, ETC.
Lugar de publicación, distribución, etc. Caracas :
Nombre del editor, distribuidor, etc. Universidad Central de Venezuela. Facultad de Humanidades y Educación. Instituto de Filosofía.,
Fecha de publicación, distribución, etc. 1958.
300 ## - DESCRIPCIÓN FÍSICA
Extensión 135 p. ;
Dimensiones 23 cm.
505 0# - NOTA DE CONTENIDO CON FORMATO
Título Pidiendo un Ortega y Gasset desde dentro /
Mención de responsabilidad J.D. García Bacca. --
Título El sistema de Ortega /
Mención de responsabilidad M. Granell. --
Título Las fundaciones de Ortega y Gasset /
Mención de responsabilidad L. Luzuriaga. --
Título Ortega y su ideología universitaria /
Mención de responsabilidad E. Mayz Vallenilla. --
Título Ortega y Gasset: lengua y estilo /
Mención de responsabilidad A. Rosenblat.
600 14 - PUNTO DE ACCESO ADICIONAL DE MATERIA--NOMBRE DE PERSONA
Nombre de persona ORTEGA Y GASSET, JOSÉ,
Fechas asociadas al nombre 1883-1955
Subdivisión general CRÍTICA E INTERPRETACIÓN
9 (RLIN) 60574
650 20 - PUNTO DE ACCESO ADICIONAL DE MATERIA--TÉRMINO DE MATERIA
Término de materia o nombre geográfico como elemento de entrada Filosofía
9 (RLIN) 813
650 20 - PUNTO DE ACCESO ADICIONAL DE MATERIA--TÉRMINO DE MATERIA
Término de materia o nombre geográfico como elemento de entrada Humanismo
9 (RLIN) 33685
710 12 - PUNTO DE ACCESO ADICIONAL--NOMBRE DE ENTIDAD CORPORATIVA
Nombre de entidad corporativa o nombre de jurisdicción como elemento de entrada Universidad Central de Venuezuela.
Unidad subordinada Facultad de Humanidades y Educación.
-- Instituto de Filosofía.
9 (RLIN) 60575
910 ## - DATOS DE OPCIÓN DEL USUARIO (OCLC)
Datos de opción del usuario Validado. Control de calidad BNPHU
Holdings
Estado de retiro Estado de pérdida Restricciones de uso No para préstamo Código de colección Localización permanente Ubicación/localización actual Ubicación en estantería Fecha de adquisición Número de inventario Total de préstamos Signatura topográfica completa Código de barras Fecha visto por última vez Precio válido a partir de Tipo de ítem Koha Nota pública
      Excluido de préstamo Raros y valiosos General General Depósito 24.10.2011 LF1   921.6 O77h 34976-10 25.06.2020 25.06.2020 No se presta Perteneció a la biblioteca personal de Juan Isidro Jiménes Grullón

Powered by Koha